000 00714nam a2200289Ia 4500
005 20260324123943.0
008 008 260324s9999 xx 000 0 eng d
020 _a9780203818671
037 _aEBOOK
040 _aCRL
040 _beng
040 _cCRL
041 _2eng
041 _aeng
084 _qCRL
100 _aTom Crook; Glen O'Hara
_91172288
245 0 _aStatistics and the Public Sphere
245 0 _bNumbers and the People in Modern Britain, c. 1800-2000
260 _bTaylor and Francis
260 _c2011
365 _a
365 _b240
856 _uhttp://www.taylorfrancis.com/books/9780203818671
942 _cEBOOK
999 _c1766245
_d1766245